|
|
|
|
| LEADER |
01439ppm a22003738a 4500 |
| 001 |
00032514 |
| 005 |
20171026081025.0 |
| 008 |
140924s2014 ||||||viesd |
| 041 |
0 |
# |
|a vie
|
| 082 |
1 |
4 |
|a 628.4
|b T312T
|
| 100 |
0 |
# |
|a Lê, Thái An
|
| 245 |
1 |
0 |
|a Tính toán, thiết kế và lắp đặt mô hình xử lý nước thải sinh hoạt công suất 100LÍT/ngày đêm
|b Khóa luận tốt nghiệp : Ngành Khoa học môi trường :Trình độ : Đại học
|c Lê Thái An; Bùi Trung Kha (hướng dẫn)
|
| 260 |
# |
# |
|a Đồng Tháp
|b Trường Đại học Đồng Tháp
|c 2014
|
| 300 |
# |
# |
|e 1 CD + 1 bản tóm tắt
|a 54 tr. + phụ lục
|c 30 cm.
|
| 500 |
# |
# |
|a ĐTTTS ghi: Bộ Giáo dục và Đào tạo. Trường Đại học Đồng Tháp. Khoa Tài nguyên và môi trường
|
| 653 |
# |
# |
|a Khóa luận
|
| 653 |
# |
# |
|a Lắp đặt
|
| 653 |
# |
# |
|a Xử lý
|
| 653 |
# |
# |
|a Thiết kế
|
| 653 |
# |
# |
|a Nước thải sinh hoạt
|
| 653 |
# |
# |
|a Môi trường
|
| 653 |
# |
# |
|a Mô hình
|
| 700 |
1 |
# |
|a Bùi, Trung Kha
|e hướng dẫn
|
| 852 |
# |
# |
|j KD.0016072
|
| 852 |
# |
# |
|b Kho đọc
|j KD.0016072
|
| 910 |
0 |
# |
|d 24/9/2014
|
| 980 |
# |
# |
|a Trung tâm Học liệu Lê Vũ Hùng, Trường Đại học Đồng Tháp
|